[Event "FICGS class G 000009 email"]
[Site "FICGS email"]
[Date "2006.12.03"]
[Round "1"]
[White "Bori, Aliyu"]
[Black "Wolfelschneider, Peter"]
[Result "0-1"]
[WhiteElo "1200"]
[BlackElo "1000"]
[PlyCount "30"]
[EventDate "2006.??.??"]
[EventType "tourn (corr)"]
[EventRounds "4"]
[SourceTitle "Corr 2022"]
[Source "ChessBase"]
[SourceDate "2021.10.24"]
[SourceVersion "1"]
[SourceVersionDate "2021.10.24"]
[SourceQuality "1"]

1. Nc3 d5 2. e4 d4 3. Bc4 dxc3 4. bxc3 Nf6 5. Nf3 Nxe4 6. Kf1 e6 7. Rb1 Nxc3 8. Bb5+ c6 9. Qe1 Nxb1 10. Qe5 Qa5 11. Qd6 Bxd6 12. Nd4 cxb5 13. Ke2 Nc6 14. d3 Nxd4+ 15. Ke3 Nxc2+ 0-1